logo

Bir Sreshtho Munshi Abdur Rouf Library
Jhenaidah Cadet College

Control systems engineering / (Record no. 14251)

MARC details
000 -LEADER
fixed length control field 00771cam a2200277 a 4500
001 - CONTROL NUMBER
JCCL Control Number 14251
003 - CONTROL NUMBER IDENTIFIER
JCCL marc code BD-JhCC
005 - DATE AND TIME OF LATEST TRANSACTION
control field 20250224130319.0
008 - FIXED-LENGTH DATA ELEMENTS--GENERAL INFORMATION
fixed length control field 940829s1995 caua b 001 0 eng
020 ## - INTERNATIONAL STANDARD BOOK NUMBER
International Standard Book Number 0805354247
035 ## - SYSTEM CONTROL NUMBER
system control number (BD-JhCC)14251
040 ## - CATALOGING SOURCE
Original cataloging agency DLC
Transcribing agency DLC
Modifying agency DLC
041 ## - LANGUAGE CODE
Language code of Book eng
050 00 - LIBRARY OF CONGRESS CALL NUMBER
Classification number TJ213
Item number .N497 1995
082 00 - DEWEY DECIMAL CLASSIFICATION NUMBER
Classification number 629.8
DDC Edition number 20
Author mark and Year NIS 1995
100 1# - MAIN ENTRY--PERSONAL NAME
Personal name Nise, Norman S.
245 10 - TITLE STATEMENT
Title Control systems engineering /
Statement of responsibility, etc Norman S. Nise.
250 ## - EDITION STATEMENT
Edition statement 2nd ed.
260 ## - PUBLICATION, DISTRIBUTION, ETC. (IMPRINT)
Place of publication, distribution, etc Redwood City, Calif. :
Name of publisher, distributor, etc Bejamin/Cummings Pub. Co.,
Date of publication, distribution, etc 1995.
300 ## - PHYSICAL DESCRIPTION
Pagination xxiv, 853 p. :
Other physical details ill. ;
Dimensions 24 cm.
504 ## - BIBLIOGRAPHY, ETC. NOTE
Bibliography, etc Includes bibliographical references and index.
650 #0 - SUBJECT ADDED ENTRY--TOPICAL TERM
Topical term or geographic name as entry element Automatic control.
650 #0 - SUBJECT ADDED ENTRY--TOPICAL TERM
Topical term or geographic name as entry element Systems engineering.
942 ## - ADDED ENTRY ELEMENTS (KOHA)
Source of classification or shelving scheme Dewey Decimal Classification
Koha item type Books
Holdings
Source of classification or shelving scheme Damaged status Not for loan Home library Current library Shelving location Date of accession Source of acquisition Total Checkouts Full call number Barcode Date last seen Copy number Method of acquisition Koha item type Currency
Dewey Decimal Classification     JCC Rouf Library JCC Rouf Library General Stacks   With the compliments of Shahriar Imtiaz Rahman,27/1483/K   629.8 NIS 1995 19877 02/24/2025 C-1 Gift/Donation Books BDT

JCC Library | Contacts | JCC Home

Last Update on 23 September 2017
Copyright @ 2017-2020 JCC Rouf Library
Rouf Library, Jhenidah Cadet College (JCC), Bangladesh